Denver Nuggets 2017-18 Roster - Statistics

General Stats
  • This quiz has been taken 111 times
    109 since last reset
  • The average score is 9 of 18
Answer Stats
Nbr Post Player % Correct
15 Center Nikola Jokic
98%
27 Guard Jamal Murray
89%
4 Forward Paul Millsap
73%
14 Guard Gary Harris
71%
5 Guard-Forward Will Barton
71%
24 Center-Forward Mason Plumlee
58%
- Head Coach Michael Malone
56%
35 Forward Kenneth Faried
51%
41 Forward Juan Hernangomez
50%
21 Forward Wilson Chandler
48%
0 Guard Emmanuel Mudiay
44%
25 Guard Malik Beasley
43%
11 Guard Monte Morris
43%
00 Forward Darrell Arthur
38%
7 Forward Trey Lyles
34%
3 Guard-Forward Torrey Craig
30%
22 Forward Richard Jefferson
24%
20 Forward Tyler Lydon
20%
No matching quizzes found
Score Distribution
Percent of People with Each Score
Percentile by Number Answered
Your Score History
You have not taken this quiz since the last reset